000 00691nam a2200241Ia 4500
003 OSt
005 20221006155832.0
006 a|||||r|||| 00| 0
007 ta
008 221006b |||||||| |||| 00| 0 eng d
024 _a43,632
037 _cSeries Articles
040 _aEASL
_cEASL
_beng
041 _2eng
_aeng
100 _aKoji Hirata
_9670559
245 0 _aBritain's men on the spot in china
_bjohn jordan,yuan shikai, and the reorganization loan,1912-1914
260 _aCambridge
_bCambridge University Press UK
_c2013
300 _a895-934
_ccm.
490 _v47
650 _aAsian Studies
942 _cREF
_2CC
999 _c1111718
_d1111718